La canción de los Nibelungos

Uloženo v:
Podrobná bibliografie
Hlavní autor: Mettra, Claude (autor)
Médium: Kniha
Jazyk:španělština
Vydáno: Ciudad de México Fondo de Cultura Económica 1986
Edice:Cuadernos de la Gaceta, 34
Témata:
Tagy: Přidat tag
Žádné tagy, Buďte první, kdo vytvoří štítek k tomuto záznamu!

MARC

LEADER 00000nam a2200000 a 4500
001 UCX6218
003 CL-VaPUC
008 930430e19860000MX |||||||||||||||||spa|d
082 0 4 |a 831  |b MET  |2 21 
100 |a Mettra, Claude  |e autor  |9 322657 
245 1 3 |a La canción de los Nibelungos 
300 |a 188 p 
942 |c BK 
945 |d 19930430 00:00:00 
260 |a Ciudad de México  |b Fondo de Cultura Económica  |c 1986 
650 7 |a POESIA EPICA ALEMANA  |2 CL-VaPUC  |9 265011 
650 7 |a LEYENDAS GERMANICAS  |2 CL-VaPUC  |9 322658 
583 |a last modification  |c 19930430 00:00:00  |k Rodrigo Vera 
490 0 |a Cuadernos de la Gaceta, 34 
999 |c 226277  |d 226275 
952 |0 0  |1 0  |4 0  |6 831_000000000000000_MET_1986  |7 0  |8 A  |9 224521  |a BIBEDU  |b BIBEDU  |d 2019-11-15  |i 2932741  |o 831 MET 1986  |p 2932741  |r 2019-11-15  |w 2019-11-15  |y BK  |k LIT